<?xml version="1.0" encoding="UTF-8"?>
<record
    xmlns:xsi="http://www.w3.org/2001/XMLSchema-instance"
    xsi:schemaLocation="http://www.loc.gov/MARC21/slim http://www.loc.gov/standards/marcxml/schema/MARC21slim.xsd"
    xmlns="http://www.loc.gov/MARC21/slim">

  <leader>01637    a2200265   4500</leader>
  <controlfield tag="003">Nust</controlfield>
  <controlfield tag="005">20220801134353.0</controlfield>
  <datafield tag="010" ind1=" " ind2=" ">
    <subfield code="a">   91035885</subfield>
  </datafield>
  <datafield tag="020" ind1=" " ind2=" ">
    <subfield code="a">0471804576 (v. 2)</subfield>
  </datafield>
  <datafield tag="020" ind1=" " ind2=" ">
    <subfield code="a">0471804576 (v. 2)</subfield>
  </datafield>
  <datafield tag="040" ind1=" " ind2=" ">
    <subfield code="c">Nust</subfield>
  </datafield>
  <datafield tag="082" ind1="0" ind2="0">
    <subfield code="a">530,RES</subfield>
  </datafield>
  <datafield tag="100" ind1="1" ind2=" ">
    <subfield code="a">Resnick, Robert,</subfield>
    <subfield code="9">8684</subfield>
  </datafield>
  <datafield tag="245" ind1="1" ind2="0">
    <subfield code="a">Physics Vol- 1/</subfield>
    <subfield code="c">Robert Resnick, David Halliday,  Kenneth S. Krane.</subfield>
  </datafield>
  <datafield tag="250" ind1=" " ind2=" ">
    <subfield code="a">4th ed.</subfield>
    <subfield code="b">Vol- I</subfield>
  </datafield>
  <datafield tag="260" ind1=" " ind2=" ">
    <subfield code="a">New York :</subfield>
    <subfield code="b">Wiley,</subfield>
    <subfield code="c">c1992.</subfield>
  </datafield>
  <datafield tag="300" ind1=" " ind2=" ">
    <subfield code="a">2 v. (1020, [34] p.) :</subfield>
    <subfield code="b">ill. ;</subfield>
    <subfield code="c">29 cm.</subfield>
  </datafield>
  <datafield tag="505" ind1=" " ind2=" ">
    <subfield code="a">Measurement (Page-1), Motion in one dimension (Page-13), Force and Newton's laws (Page- 41), Motion in two and three dimensions (Page-65), Applications of Newton's law (Page- 89), Momentum (Pag-119), Systems of particles (Pag-139), Rotational kinematics (Page- 159), Rotational dynamics (Page-175), Angular momentum (Page-207),Energy, work and kinetic energy (Page-229), Potential energy (Page-257), Conservation of energy (Page- 279), Gravitation (Page-299), Fluid statics (Page-331), Fluid dynamics (Page-351), Oscillation (Page- 373), Wave motion (Page-401), Sound wave (Page-427), Special theory of relativity (Page- 451), Temperature (Page-479), Molecular properties of gases (Page-497)23.The first law of thermodynamics (Page-517), Entropy and the second law of thermodynamics (Page-545).</subfield>
  </datafield>
  <datafield tag="650" ind1=" " ind2="0">
    <subfield code="a">Physics.</subfield>
  </datafield>
  <datafield tag="700" ind1="1" ind2=" ">
    <subfield code="a">Halliday, David,</subfield>
    <subfield code="d">1916-</subfield>
    <subfield code="9">19458</subfield>
  </datafield>
  <datafield tag="700" ind1="1" ind2=" ">
    <subfield code="a">Krane, Kenneth S.</subfield>
    <subfield code="9">39001</subfield>
  </datafield>
  <datafield tag="856" ind1="4" ind2=" ">
    <subfield code="3">Publisher description</subfield>
    <subfield code="u">http://www.loc.gov/catdir/enhancements/fy0607/91035885-d.html</subfield>
  </datafield>
  <datafield tag="856" ind1="4" ind2=" ">
    <subfield code="3">Table of Contents only</subfield>
    <subfield code="u">http://www.loc.gov/catdir/toc/onix05/91035885.html</subfield>
  </datafield>
  <datafield tag="942" ind1=" " ind2=" ">
    <subfield code="2">ddc</subfield>
    <subfield code="c">BK</subfield>
  </datafield>
  <datafield tag="999" ind1=" " ind2=" ">
    <subfield code="c">179852</subfield>
    <subfield code="d">179852</subfield>
  </datafield>
  <datafield tag="952" ind1=" " ind2=" ">
    <subfield code="0">0</subfield>
    <subfield code="1">0</subfield>
    <subfield code="2">ddc</subfield>
    <subfield code="4">0</subfield>
    <subfield code="7">0</subfield>
    <subfield code="a">MCS</subfield>
    <subfield code="b">MCS</subfield>
    <subfield code="c">REF</subfield>
    <subfield code="d">2016-12-12</subfield>
    <subfield code="o">530,RES</subfield>
    <subfield code="p">MCS28126</subfield>
    <subfield code="r">2016-12-08</subfield>
    <subfield code="w">2016-12-12</subfield>
    <subfield code="y">REF</subfield>
    <subfield code="z">Almirah No.19, Shelf No.6</subfield>
  </datafield>
  <datafield tag="952" ind1=" " ind2=" ">
    <subfield code="0">0</subfield>
    <subfield code="1">0</subfield>
    <subfield code="2">ddc</subfield>
    <subfield code="4">0</subfield>
    <subfield code="7">0</subfield>
    <subfield code="a">MCS</subfield>
    <subfield code="b">MCS</subfield>
    <subfield code="c">GEN</subfield>
    <subfield code="d">2024-03-08</subfield>
    <subfield code="l">2</subfield>
    <subfield code="o">530,RES</subfield>
    <subfield code="p">MCS36794</subfield>
    <subfield code="r">2025-11-12</subfield>
    <subfield code="s">2025-10-16</subfield>
    <subfield code="w">2024-03-08</subfield>
    <subfield code="y">BK</subfield>
    <subfield code="z">Almirah No.15, Shelf No.3</subfield>
  </datafield>
</record>
